ՀՀ Գիտությունների ազգային ակադեմիայի հիմնարար գիտական գրադարան  =   Fundamental Scientific Library of NAS RA

British Studies : (Record no. 142597)

MARC details
000 -LEADER
fixed length control field 00531nam a2200193 u 4500
001 - CONTROL NUMBER
control field 000373217
003 - CONTROL NUMBER IDENTIFIER
control field AM-YeHGA
005 - DATE AND TIME OF LATEST TRANSACTION
control field 20250617131944.0
008 - FIXED-LENGTH DATA ELEMENTS--GENERAL INFORMATION
fixed length control field 041025s2004 ai r 000 0 eng d
020 ## - INTERNATIONAL STANDARD BOOK NUMBER
International Standard Book Number 9993072907
040 ## - CATALOGING SOURCE
Original cataloging agency AM-YeHGA
041 0# - LANGUAGE CODE
Language code of text/sound track or separate title eng
090 ## - LOCALLY ASSIGNED LC-TYPE CALL NUMBER (OCLC); LOCAL CALL NUMBER (RLIN)
-- 143978
245 00 - TITLE STATEMENT
Title British Studies :
Remainder of title A Course of Lectures /
Statement of responsibility, etc. Com., edt.: G. Gasparyan.
260 ## - PUBLICATION, DISTRIBUTION, ETC.
Place of publication, distribution, etc. Yerevan :
Name of publisher, distributor, etc. Macmillan-Armenia,
Date of publication, distribution, etc. 2004.
300 ## - PHYSICAL DESCRIPTION
Extent 224 p. :
Other physical details ill ;
Dimensions 24 cm.
650 14 - SUBJECT ADDED ENTRY--TOPICAL TERM
Topical term or geographic name entry element British Studies
700 1# - ADDED ENTRY--PERSONAL NAME
Personal name Gasparyan, Gayane
Relationship com, edt
Holdings
Withdrawn status Lost status Damaged status Not for loan Collection Home library Current library Date acquired Total checkouts Full call number Barcode Date last seen Price effective from Koha item type Public note Copy number Cost, replacement price
        General Fundamental Scientific Library Fundamental Scientific Library 22/12/2016   802.0(075.8) 320112675 22/12/2016 22/12/2016 Գրքեր / Books 30 Days Loan    
        General Fundamental Scientific Library Fundamental Scientific Library 22/12/2016   AII/92695 FL0025055 22/12/2016 22/12/2016 Գրքեր / Books 30 Days Loan 802.0(075.8) 1500.00
        General Fundamental Scientific Library Fundamental Scientific Library 22/12/2016   AII/93410 FL0064424 22/12/2016 22/12/2016 Գրքեր / Books 30 Days Loan 802.0(075.8) 2000.00
        General Fundamental Scientific Library Fundamental Scientific Library 22/12/2016   AII/93411 FL0064425 22/12/2016 22/12/2016 Գրքեր / Books 30 Days Loan 802.0(075.8) 2000.00


ՀՀ ԳԱԱ հիմնարար գիտական գրադարան
ՀՀ,Երևան 0019
Մարշալ Բաղրամյան 24/6
հեռախոս:(374-10) 52-47-50
Հետադարձ կապ

All site content, except where otherwise noted, is licensed under a
Creative Commons License